Mulheres em Luta A outra Metade da Histr̤ia do Direito do Trabalho /

Detalles Bibliográficos
Autor principal: Souto Maior, Jorge Luiz
Otros Autores: Corrå Vieira, Regina Stela
Formato: eBook
Lenguaje:portugués
Publicado: San Pablo: LTR, 2017
Materias:
Acceso en línea:Acceso restringido

MARC

LEADER 00000nam a22000007a 4500
005 20180321234930.0
007 cr|||| ||||
008 180321s2017 br |||||s|||| 00||0 por d
020 |a 978-85-361-9388-5 
035 |a 21161 
040 |a vLex 
090 |c 7536  |d 7536 
100 1 |a Souto Maior, Jorge Luiz 
245 1 0 |a Mulheres em Luta  |h [Recurso electrn̤ico] :  |b A outra Metade da Histr̤ia do Direito do Trabalho /  |c Jorge Luiz Souto Maior, Regina Stela Corrå Vieira 
256 |a Servicio en ln̕ea 
260 |a San Pablo:  |b LTR,  |c 2017 
300 |a 1 recurso electrn̤ico 
506 1 |a Disponible solo en los productos indicados  |d vLex Global  |d vLex Global (Academic Edition, excluding Law Schools)  |d vLex Global (U.S. Academic Edition, Law Schools)  |d vLex Global (U.S. Academic Edition, excluding Law Schools)  |d vLex Global (Academic Edition, Law Schools) 
650 0 4 |a Derecho Laboral y Seguridad Social  |z Brasil 
700 1 |a Corrå Vieira, Regina Stela 
740 0 |a vLex Libros (Servicio en ln̕ea) 
856 4 0 |u http://vlex.com/source/mulheres-luta-historia-direito-trabalho-21161  |z Acceso restringido 
942 |c BOOK 
999 0 |a Labor law and social security